00532nam a22001577a 450000500170000001000150001702000260003203500140005803700130007208200110008510000230009624500650011926000340018427001110021830000450032920220922125226.0 aENG-135184 a9789386302311c595.00 aEN-118716 bDBAD/PUB a181.45 aPal, Bimal Chandra aThe Social Philosophy of:bRadhakrishnan/cBimal Chandra pal aGuwahatibEBH Publisherc2018 a136, M.L., Nehru Road, Panbazar bGuwahatie781001k913612513876l913612519231measternbookhouse@gmail.com a106p.c24cm.(hb)bBibliography and index